000 00564nam a2200193 4500
001 122482
003 ES-MaACL
005 20230906192003.0
007 t|
008 070214s1964 sp r ||||1| spa d
100 1 _aPuente, Joaquín de la.
_994146
245 1 3 _aEl desnudo femenino en la pintura española /
_cJoaquín de la Puente.
260 _aMadrid :
_bNovarte,
_c1964.
300 _a62 p., 31 lám. ;
_c17 cm.
490 1 _aTemas pictóricos
830 0 _aTemas pictóricos
_9218847
852 _aES-MaACL
_jC-26496
_bR.54653
999 _c122482
_d122482